[Financie malých a stredných podnikov]

Recenzovaná publikácia poskytuje ucelený pohľad na všetky oblasti financií malých a stredných podnikov. Obsahuje 8 prehľadne zostavených kapitol. Súčasťou publikácie je v prílohovej časti uvedená štruktúra podnikateľského plánu, prehľad záručných programov poskytovaných Slovenskou záručnou a rozvojo...

Ausführliche Beschreibung

Gespeichert in:
Bibliographische Detailangaben
1. Verfasser: Hyránek, Eduard, 1955-
Format: Buchkapitel
Sprache:Slowakisch
Schlagworte:
Tags: Tag hinzufügen
Keine Tags, Fügen Sie das erste Tag hinzu!

MARC

LEADER 00000naa$a2200000$$$4500
001 0017600
005 20240502071404.0
041 0 |a slo 
044 |a SK 
245 1 0 |a [Financie malých a stredných podnikov]  |c rec. Eduard Hyránek 
520 |a Recenzovaná publikácia poskytuje ucelený pohľad na všetky oblasti financií malých a stredných podnikov. Obsahuje 8 prehľadne zostavených kapitol. Súčasťou publikácie je v prílohovej časti uvedená štruktúra podnikateľského plánu, prehľad záručných programov poskytovaných Slovenskou záručnou a rozvojovou bankou, podklady potrebné k projektom Slovensko-amerického podnikateľského fondu a úrokové tabuľky využiteľné na rôzne výpočty časovej hodnoty peňazí. 
610 2 0 |a recenzie 
610 2 0 |a financie 
610 2 0 |a podnik malý 
610 2 0 |a podnik stredný 
610 2 0 |a hospodárenie finančné 
610 2 0 |a rozhodovanie finančné 
100 1 |a Hyránek, Eduard, 1955-